مكتبة جامعة عجلون الوطنية

فهرس بحث المكتبة

Normal view MARC view
  • العبادات- السيرة النبوية- الاحكام الشرعية

Entry Topical Term

Number of records used in: 1

001 - CONTROL NUMBER

  • control field: 56492

003 - CONTROL NUMBER IDENTIFIER

  • control field: JO-AjAnu

005 - DATE AND TIME OF LATEST TRANSACTION

  • control field: 20230606083246.0

008 - FIXED-LENGTH DATA ELEMENTS

  • fixed length control field: 230606|| aca||aabn | a|a d

040 ## - CATALOGING SOURCE

  • Original cataloging agency: JO-AjAnu
  • Transcribing agency: JO-AjAnu

150 ## - HEADING--TOPICAL TERM

  • Topical term or geographic name entry element: العبادات- السيرة النبوية- الاحكام الشرعية

670 ## - SOURCE DATA FOUND

  • Source citation: Work cat.: (JO-AjAnu)28826: بن عبد الوهاب، محمد ؛ تحقيق زهير الشاويش, author 56491, مختصر زاد المعاد للإمام ابن قيم الجوزية